| 000 | 01831nmc a2200529 a 4500 | ||
|---|---|---|---|
| 003 | AR-BaBNM | ||
| 005 | 20251128204526.0 | ||
| 008 | 075019s1965 ||||||||||||||000 | spa|| | ||
| 040 | _cAR-BaBNM | ||
| 245 | 1 | 0 | _aPsicología y educación del preescolar |
| 260 |
_aBuenos Aires _bPaidós _c1965-1967 |
||
| 300 |
_a767 p. _bgráfs., il. |
||
| 490 | 0 |
_aNueva enciclopedia pedagógica del educador. Psicología y educación del escolar _vv. 9 |
|
| 500 | _aContenido: El niño de 1 a 4 años - El lenguaje y el pensamiento del niño pequeño - El desarrollo y la educación del niño - La educación del niño pequeño - La educación artística del niño - La recreación infantil - Como elegir los juguetes | ||
| 500 | _aEl 1er. título del contenido corresponde a la 5a ed. | ||
| 504 | _aContiene bibliografía | ||
| 650 | 4 | _aPSICOLOGIA DE LA EDUCACION | |
| 650 | 4 | _aPSICOLOGIA DEL DESARROLLO | |
| 650 | 4 | _aPSICOLOGIA DEL NINO | |
| 650 | 4 | _aPSICOLOGIA EVOLUTIVA | |
| 650 | 4 | _aINFANCIA | |
| 650 | 4 | _aDESARROLLO DEL NINO | |
| 650 | 4 | _aDESARROLLO DEL LENGUAJE | |
| 650 | 4 | _aDESARROLLO AFECTIVO | |
| 650 | 4 | _aDESARROLLO INDIVIDUAL | |
| 650 | 4 | _aDESARROLLO SOCIAL | |
| 650 | 4 | _aDESARROLLO DE DESTREZAS | |
| 650 | 4 | _aDESARROLLO MENTAL | |
| 650 | 4 | _aPENSAMIENTO CREADOR | |
| 650 | 4 | _aPENSAMIENTO CRITICO | |
| 650 | 4 | _aPENSAMIENTO LOGICO | |
| 650 | 4 | _aMADUREZ PARA EL APRENDIZAJE | |
| 650 | 4 | _aEDUCACION ARTISTICA | |
| 650 | 4 | _aJUEGOS INFANTILES | |
| 650 | 4 | _aACTIVIDADES RECREATIVAS | |
| 650 | 4 | _aJUGUETES | |
| 653 | _aEDUCACION INICIAL | ||
| 700 | 1 | _aGesell, Arnold Lucius | |
| 700 | 1 | _aPiaget, Jean | |
| 700 | 1 | _aWinn, Ralph B. | |
| 700 | 1 | _aHilgard, J.R. | |
| 700 | 1 | _aLark-Horovitz, Betty | |
| 700 | 1 | _aPartridge, E. | |
| 700 | 1 | _aHegeler, Sten | |
| 942 | _cBK | ||
| 998 | _cGrace | ||
| 999 |
_c7778 _d7778 |
||